Football player with most apperances in FIFA World cup - Statistics

General Stats
  • This quiz has been taken 43 times
    21 since last reset
  • The average score is 8 of 24
Answer Stats
Rank Matches Team Years Player % Correct
1. 26 Argentina 2006, 2010, 2014, 2018,2022 Lionel Messi
100%
5. 22 Portugal 2006,2010,2014,2018,2022 Cristiano Ronaldo
68%
6. 21 Argentina 1982,1986,1990,1994 Diego Maradona
68%
2. 25 Germany 1982,1986,1990,1994,1998 Lothar Matthäus
63%
3. 24 Germany 2002,2006,2010,2014 Miroslav Klose
58%
15. 19 Croatia 2006, 2014, 2018, 2022 Luka Modrić
53%
15. 19 Germany 2010, 2014, 2018, 2022 (GK) Manuel Neuer
47%
15. 19 France 2014, 2018, 2022 Antoine Griezmann
42%
9. 20 France 2010, 2014, 2018, 2022 Hugo Lloris
42%
4. 23 Italy 1990,1994,1998,2002 Paolo Maldini
42%
9. 20 Germany 2006,2010,2014 Philipp Lahm
32%
15. 19 Brazil 1998, 2002, 2006 Ronaldo
32%
15. 19 Germany 2010, 2014, 2018, 2022 Thomas Müller
32%
9. 20 Brazil 1994, 1998,2002, 2006 Cafu
26%
9. 20 Argentina 2006,2010, 2014, 2018 Javier Mascherano
21%
9. 20 Germany 2006, 2010, 2014 Bastian Schweinsteiger
16%
9. 20 Poland 1974,1978,1982 Grzegorz Lato
16%
15. 19 Mexico 2002, 2006, 2010, 2014, 2018 Rafael Márquez
16%
6. 21 Germany 1958,1962,1966,1970 Uwe Seeler
16%
15. 19 Germany 1978, 1982, 1986 Karl-Heinz Rummenigge
11%
15. 19 Germany 1970, 1974, 1978 Berti Vogts
5%
15. 19 Germany 2006, 2010, 2014 Per Mertesacker
5%
6. 21 Poland 1974,1978,1982,1986 Władysław Żmuda
5%
15. 19 Germany 1966, 1974, 1978 Wolfgang Overath
5%
No matching quizzes found
Score Distribution
Percent of People with Each Score
Percentile by Number Answered
Your Score History
You have not taken this quiz since the last reset